000 00485 a2200157 4500
020 _a0880229322
082 _a005.43
090 _c7061
_d7061
100 _aBonne, Mike La
245 _aKiller Windows Utilities
_cBonne, Mike La
260 _aUSA
_bQue Publishing
_c1993
300 _axxxiv, 1340 p.
_b;ill.
_c25 cm.
500 _aIncludes bibliograhical references and index
650 _a1. Microsoft Windows (Computer file). 2. Operating systems (Computer)
942 _cBK
_k005.43 BON
999 _c10869
_d10869